000 00779nam a22002417a 4500
999 _c21634
_d21634
003 AR-CdUCM
008 190402b ||||| |||| 00| 0 spa d
020 _a9788499928333
040 _aMUNICIPALIDAD PROVINCIAL DEL CUSCO
_cBIBLIOTECA MUNICIPAL DEL CUSCO
082 _a759.5/I21
_bI21
100 _aIsaacson, Walter
_945602
245 _aLeonardo da Vinci :
_bla biografía /
_cWalter Isaacson, traducción de Jordi Ainaud i Escudero
260 _aEspaña ;
_bDebate,
_c2018.
300 _a581 paginas. :
_bilustraciones en color ;
_c23 cm.
650 _aPintura
_93081
650 _aLeonardo da Vinci
_917156
650 _aBiografía
_945603
650 _aCiencia
_92098
650 _aItalia
_92273
650 _aBiografía
_945603
942 _2ddc
_cLIBROS
945 _aRoel